| 000 | 006910000a22002050004500 | ||
|---|---|---|---|
| 090 |
_aAR _b02833 |
||
| 245 | 1 | 0 | _aUsing vegetation analysis to facilitate the selection of conservation sites in Eastern Paraguay |
| 650 | 1 | 4 |
_aAreas prioritarias para la conservación _917362 |
| 650 | 1 | 4 |
_aRiqueza de especies _93326 |
| 650 | 1 | 4 |
_aBosques _992270 |
| 651 | 4 |
_lMaracayú _pParaguay _992749 |
|
| 653 |
_gSorocea _eSorocea bonplandii |
||
| 653 |
_gActinostemon _eActinostemon concolor |
||
| 041 | 0 | _aInglés | |
| 700 | 1 |
_aGentry, Alwyn H. _93673 |
|
| 700 | 1 |
_aSpinzi, Lucio _996250 |
|
| 100 | 1 |
_aKeel, Shirley _996251 |
|
| 942 | _cARTICULO | ||
| 773 | 1 |
_tConservation Biology _324 _h1 _q66-75 _d1993 _g7 |
|
| 999 |
_c11893 _d11893 |
||